ბათუმის შოთა რუსთაველის სახელმწიფო უნივერსიტეტის ბიბლიოთეკა

Building Corporate Identity, Image and Reputation in the Digital Era / (ბიბ.ჩანაწერი № 62285)

000 -LEADER
fixed length control field 00892nam a22002057a 4500
005 - DATE AND TIME OF LATEST TRANSACTION
control field 20240916121213.0
008 - FIXED-LENGTH DATA ELEMENTS--GENERAL INFORMATION
fixed length control field 240916s2022 enk||||| |||| 00| 0 eng d
020 ## - INTERNATIONAL STANDARD BOOK NUMBER
International Standard Book Number 9780367531249x
041 ## - LANGUAGE CODE
Language code of text/sound track or separate title eng
080 ## - UNIVERSAL DECIMAL CLASSIFICATION NUMBER
Universal Decimal Classification number 339.138 B-92
245 ## - TITLE STATEMENT
Title Building Corporate Identity, Image and Reputation in the Digital Era /
Statement of responsibility, etc. Edited by T C Melewar, Charles Dennis, Pantea Foroudi.
264 ## - PRODUCTION, PUBLICATION, DISTRIBUTION, MANUFACTURE, AND COPYRIGHT NOTICE
Place of production, publication, distribution, manufacture London:
Name of producer, publisher, distributor, manufacturer Routledge,
Date of production, publication, distribution, manufacture, or copyright notice 2022.
300 ## - PHYSICAL DESCRIPTION
Extent 553 p.;
Other physical details 24 cm.
653 ## - INDEX TERM--UNCONTROLLED
keyword კორპორატიული იდენტობა
653 ## - INDEX TERM--UNCONTROLLED
keyword იმიჯის და რეპუტაციის შექმნა ციფრულ ეპოქაში
700 ## - ADDED ENTRY--PERSONAL NAME
Personal name Melewar, T. C.
Relator term რედაქტორი
9 (RLIN) 23226
700 ## - ADDED ENTRY--PERSONAL NAME
Personal name Dennis, Charles
Relator term რედაქტორი
9 (RLIN) 23227
700 ## - ADDED ENTRY--PERSONAL NAME
Personal name Foroudi, Pantea
Relator term რედაქტორი
9 (RLIN) 23228
942 ## - ADDED ENTRY ELEMENTS (KOHA)
Source of classification or shelving scheme
Koha item type წიგნი
ეგზემპლარები
Withdrawn status Lost status Source of classification or shelving scheme Damaged status Not for loan Permanent Location Current Location Shelving location Date acquired Cost, normal purchase price Full call number Barcode Date last seen Copy number Price effective from Koha item type
          ბათუმის შოთა რუსთაველის სახელმწიფო უნივერსიტეტის მთავარი ბიბლიოთეკა ბათუმის შოთა რუსთაველის სახელმწიფო უნივერსიტეტის მთავარი ბიბლიოთეკა წიგნსაცავი 2024-09-16 121.00 339.138 B-92 68863 2024-09-16 68863 2024-09-16 წიგნი